Analýza a modelovanie rizík v zmysle kvantitatívnych štúdií QIS projektu Solvency II

Salvato in:
Dettagli Bibliografici
Autore principale: Horáková, Galina
Natura: Capitolo di libro
Lingua:slovacco
Tags: Aggiungi Tag
Nessun Tag, puoi essere il primo ad aggiungerne!!

MARC

LEADER 00000nla$a2200000$$$4500
001 0134867
005 20240502072520.1
041 0 |a slo 
044 |a SK 
245 1 0 |a Analýza a modelovanie rizík v zmysle kvantitatívnych štúdií QIS projektu Solvency II  |c Galina Horáková 
100 1 |a Horáková, Galina